Automatizované systémy řízení v dopravě

Gespeichert in:
Bibliographische Detailangaben
1. Verfasser: Pivoňka, Karel
Körperschaft: Vysoká škola ekonomická v Praze. Výrobně ekonomická fakulta
Format: Buch
Sprache:Tschechisch
Veröffentlicht: Praha Státní pedagogické nakladatelství 1984
Tags: Tag hinzufügen
Keine Tags, Fügen Sie das erste Tag hinzu!

MARC

LEADER 00000nam a2200000 4500
001 c107149
005 20190425095051.1
041 0 |a cze 
044 |a CZ 
245 1 0 |a Automatizované systémy řízení v dopravě  |c Karel Pivoňka 
264 1 |a Praha  |b Státní pedagogické nakladatelství  |c 1984 
300 |a 121 s. 
100 1 |a Pivoňka, Karel 
710 2 |a Vysoká škola ekonomická v Praze. Výrobně ekonomická fakulta